Parti Socialiste - skutečně sociálně-demokratická strana?

Do akej miery možno považovať francúzsku stranu Parti socialiste za sociálno-demokratickú stranu? Niekoľko teoretických poznámok k štúdiu stranícko-politických rodín. Rodina socialistických a sociálno-demokratických strán. Parti socialiste a "tradičná" sociálna demokracia.

Enregistré dans:
Détails bibliographiques
Auteur principal: Profant, Tomáš Imrich, 1983-
Autres auteurs: Blažek, Tomáš
Format: Chapitre de livre
Langue:tchèque
Sujets:
Tags: Ajouter un tag
Pas de tags, Soyez le premier à ajouter un tag!

MARC

LEADER 00000naa a2200000 4500
001 0291672
005 20240502083944.3
041 0 |a cze 
044 |a CZ 
245 1 0 |a Parti Socialiste - skutečně sociálně-demokratická strana?  |c Tomáš Imrich Profant, Tomáš Blažek 
520 |a Do akej miery možno považovať francúzsku stranu Parti socialiste za sociálno-demokratickú stranu? Niekoľko teoretických poznámok k štúdiu stranícko-politických rodín. Rodina socialistických a sociálno-demokratických strán. Parti socialiste a "tradičná" sociálna demokracia. 
610 2 0 |a strany politické 
610 2 0 |a politika 
610 2 0 |a demokracia sociálna 
610 2 0 |a Francúzsko 
100 1 |a Profant, Tomáš Imrich, 1983- 
700 1 |a Blažek, Tomáš